Fiqih wanita (Record no. 1199)
[ view plain ]
| 000 -LEADER | |
|---|---|
| fixed length control field | nam a22 a 4500 |
| 005 - DATE AND TIME OF LATEST TRANSACTION | |
| control field | 20170508153235.0 |
| 008 - FIXED-LENGTH DATA ELEMENTS--GENERAL INFORMATION | |
| fixed length control field | 170508b1997 my ||||| |||| 00| 0 may d |
| 020 ## - INTERNATIONAL STANDARD BOOK NUMBER | |
| International Standard Book Number | 9676902020 |
| Terms of availability | RM28.00 |
| 040 ## - CATALOGING SOURCE | |
| Original cataloging agency | AKMAL |
| 082 ## - DEWEY DECIMAL CLASSIFICATION NUMBER | |
| Edition number | 21 |
| Classification number | 297.5 KHU |
| 090 ## - LOCALLY ASSIGNED LC-TYPE CALL NUMBER (OCLC); LOCAL CALL NUMBER (RLIN) | |
| Classification number (OCLC) (R) ; Classification number, CALL (RLIN) (NR) | 297.5 |
| Local cutter number (OCLC) ; Book number/undivided call number, CALL (RLIN) | KHU |
| 100 ## - MAIN ENTRY--PERSONAL NAME | |
| Personal name | Khumais, Muhammad Athiyah |
| 9 (RLIN) | 2418 |
| 245 ## - TITLE STATEMENT | |
| Title | Fiqih wanita |
| Remainder of title | tentang bersuci, puasa & zakat, solat dan haji / |
| Statement of responsibility, etc. | Muhammad Athiyah Khumais ; penterjemah Ma'mur Daud |
| 250 ## - EDITION STATEMENT | |
| Edition statement | Ed. terjemahan bahasa Malaysia |
| 260 ## - PUBLICATION, DISTRIBUTION, ETC. | |
| Place of publication, distribution, etc. | Batu Caves |
| Name of publisher, distributor, etc. | Thinker's Library |
| Date of publication, distribution, etc. | 1997 |
| 300 ## - PHYSICAL DESCRIPTION | |
| Extent | xi, 448ms. |
| Dimensions | 22cm |
| 500 ## - GENERAL NOTE | |
| General note | Mengandungi ayat-ayat dari Quran |
| 500 ## - GENERAL NOTE | |
| General note | Terjemahan dari: Fiqih al-Mar-ah |
| 599 ## - LOCAL NOTE | |
| Local Note | DALAM PROSES |
| 650 ## - SUBJECT ADDED ENTRY--TOPICAL TERM | |
| Topical term or geographic name entry element | Islam |
| General subdivision | Doctrines |
| 9 (RLIN) | 894 |
| 650 ## - SUBJECT ADDED ENTRY--TOPICAL TERM | |
| Topical term or geographic name entry element | Muslim women |
| General subdivision | Conduct of life |
| 9 (RLIN) | 1655 |
| 650 ## - SUBJECT ADDED ENTRY--TOPICAL TERM | |
| Topical term or geographic name entry element | Women in Islam |
| 9 (RLIN) | 1654 |
| 700 ## - ADDED ENTRY--PERSONAL NAME | |
| Personal name | Ma'mur Daud |
| 9 (RLIN) | 2419 |
| 942 ## - ADDED ENTRY ELEMENTS (KOHA) | |
| Source of classification or shelving scheme | |
| Koha item type | Book |
| Withdrawn status | Lost status | Source of classification or shelving scheme | Damaged status | Not for loan | Collection code | Home library | Current library | Shelving location | Date acquired | Inventory number | Total Checkouts | Full call number | Barcode | Date last seen | Price effective from | Koha item type |
|---|---|---|---|---|---|---|---|---|---|---|---|---|---|---|---|---|
| NON-FICTION | AKMAL Melaka | AKMAL Melaka | PINJAMAN | 08.05.2017 | 200959 | 297.5 KHU | 201702309 | 08.05.2017 | 08.05.2017 | Book |
